000 00346nam a2200133Ia 4500
005 20260326100045.0
008 260326s9999||||xx |||||||||||||| ||und||
100 _aVignale, Pedro Juan
245 0 _aLa Casa Real de moneda de Potosi /
_cPedro Juan Vignale
260 _bAlbatros
300 _a97 p.
650 _aARQUITECTURA REGIONAL
942 _cBK
999 _c7163
_d7163